Just like you (Hannah Montana) - lyrics - Statistics

General Stats
  • This quiz has been taken 19 times
  • The average score is 183 of 214
Answer Stats
Answer % Correct
I
100%
a
90%
all
90%
alright
90%
always
90%
an
90%
but
90%
But
90%
Cant
90%
crazy
90%
dream
90%
everything
90%
girl
90%
got
90%
I'm
90%
in
90%
is
90%
Is
90%
it
90%
It's
90%
I've
90%
just
90%
life
90%
like
90%
Living
90%
me
90%
of
90%
ordinary
90%
see
90%
seems?
90%
So
90%
the
90%
The
90%
to
90%
underneath
90%
wanted
90%
what
90%
Yeah
90%
yeah
90%
you
90%
am
80%
am)
80%
be
80%
came
80%
dreams
80%
half
80%
Half
80%
know
80%
lucky
80%
only
80%
other
80%
side
80%
story
80%
There's
80%
too
80%
true
80%
who
80%
(Who
80%
world
80%
your
80%
another
70%
by
70%
Don't
70%
else
70%
extraordinary
70%
fine
70%
If
70%
knew
70%
live
70%
someone
70%
time
70%
Trying
70%
wanna
70%
Whose
70%
learn
60%
my
60%
differently
50%
inside
50%
keep
50%
name
50%
treated
50%
lights
40%
No matching quizzes found
Score Distribution
Percent of People with Each Score
Percentile by Number Answered
Your Score History
You have not taken this quiz